000 00320nam a2200133Ia 4500
008 150301s2015 xx 000 0 und d
082 _a616.07
_bQ09T
100 _aS. TAMBNEKAR
245 _aQUALITY ASSURANCE IN LABORATORY MEDICINE
260 _bB.I.PUBLISHER
300 _a198
650 _aPHARMACY
942 _2ddc
_cBK
999 _c7084
_d7084